| 000 | 00647nam a2200169Ia 4500 | ||
|---|---|---|---|
| 999 |
_c22250 _d22250 |
||
| 082 | _aRP 0281 | ||
| 100 | _aPanwar, J. S. | ||
| 245 | 0 |
_aTobacco based paan masala (gutkha) : a study on consumption behaviour and strategies for demarketing- with special reference to Gujarat _b: |
|
| 260 |
_c2006 _bIndian Council of social Science Research, New Delhi |
||
| 300 | _av.p. | ||
| 504 | _aincludes appendix and bibliography | ||
| 650 |
_aConsumer behavior _zIndia _zGujarat |
||
| 650 |
_aGutkha _vMarketing _zIndia _zGujarat |
||
| 650 |
_aConsumption (Economics) _vSurveys _zIndia _zGujarat |
||
| 650 |
_aNarcotic habit _zIndia _zGujarat |
||
| 942 |
_cRP _2ddc |
||